000
00291nam a2200157Ia 4500
100
_a
GMAT
250
_a
10
942
_c
BK
654
_a
Barrons
245
_a
Barrons I Choice
260
_b
Barrons
_c
1994
082
_a
658
_b
GRU
300
_a
575
546
_a
ENGLISH
999
_c
23499
_d
23499